000 00968nam a2200277 4500
001 0000023264
003 CO-CtgCURN
005 20250329191028.0
007 ta
008 160627s2003 000 0 eng d
020 _a9588133726
040 _aCO-CtgCURN
_bspa
_ccoctgcurn
082 0 _a631.5
_bB139s
100 1 _aBaeza Dager, Yahemn.
245 1 0 _aSueña y siembra :
_bexperiencias del programa semillero de investigadores de uninorte /
_cYahemn Baeza Dager.
260 _aBarranquilla :
_bUniversidad del Norte,
_c2003.
300 _a116 p.
336 _2rdacontent
337 _2rdamedia
_asin mediacion
_bn
338 _2rdacarrier
_avolumen
_bnc
505 8 _aEspacio y tiempo para sembrar.--Años de siembra.--La experiencia de la siembra.--Frutos de la siembra.--Momentos
650 1 4 _aAgricultura y Estado.
908 _a160627
942 _cBK
_h631.5
_iB139s
_2ddc
999 _c11620
_d11620